000 00914cam4a220026500 4500
001 qce01769586
005 20190830112922.0
008 750724s1970 at eng u
010 _a 65023900
035 _a(Sirsi) r70914
035 _a(QCAT)lss00911851
035 _a(UPRA)qce01769586
040 _dUPRA
050 0 _aBL2610
_b.M6
082 _a398.2
100 1 _aMountford, Charles Pearcy, 1890-1977.
_dMountford, Charles Pearcy, 1890-1977.
_6A32068.1
245 1 4 _aThe dreamtime :
_bAustralian aboriginal myths in paintings by Ainslie Roberts /
_cwith text by Charles P. Mountford.
260 _aAdelaide :
_bRigby,
_c[1970, c1965]
490 0 _a(Aus 66-34)
_6S5346.1
500 _a"Revised in full colou March 1970."
650 0 _aMythology, Australian aboriginal.
_6S23920.1
700 1 _aRoberts, Ainslie.
_6A32069.1
949 _aBL2610
_wlcc
_i-95961
_mMAIN
_tBOOK
_lON-SHELF
004 70914
999 _c192473
_d192473